000 00356nam a2200145Ia 4500
008 150201s2002 xx 000 0 und d
082 _a612.015
_bC2002I
100 _aINAMDAR,MADHURI
245 _aCHEMISTRY FOR NURSES
250 _a1ST
260 _bVORA MEDICAL PUBLICATION
_aDELHI
_c2002
300 _a1-106
650 _aBIOCHEMISTRY
942 _2ddc
_cBK
999 _c4012
_d4012